Countries by Area - P - Statistics

General Stats
  • This quiz has been taken 40 times
  • The average score is 8 of 9
Answer Stats
Country Area (sq. km) % Correct
Peru 1,285,220
100%
Pakistan 803,940
95%
Palau 458
93%
Poland 312,685
90%
Portugal 88,267
90%
Paraguay 406,750
88%
Philippines 300,000
88%
Panama 78,201
85%
Papua New Guinea 462,840
83%
No matching quizzes found
Score Distribution
Percent of People with Each Score
Percentile by Number Answered
Your Score History
You have not taken this quiz